Statistics for Serie A Top Goalscorer since 2000

Click here to take the quiz!

General Stats

  • This quiz has been taken 49 times
  • The average score is 12 of 17

Answer Stats

Answer % Correct
Mauro Icardi
90%
Edin Dzeko
90%
Francesco Totti
86%
Andriy Schevchenko
81%
Gonzalo Higuain
81%
Edinson Cavani
81%
Zlatan Ibrahimovic
81%
Alessandro Del Piero
79%
Antonio Di Natale
74%
Luca Toni
74%
Ciro Immobile
69%
Fabio Quagliarella
67%
Hernan Crespo
64%
Christian Vieri
60%
David Trezeguet
57%
Cristiano Lucarelli
38%
Dario Hübner
29%

Score Distribution

Percentile by Number Answered

Percent of People with Each Score

Your Score History

You have not taken this quiz